[Event "Bogota Samana Santa op 4th"]
[Site "Bogota"]
[Date "2016.05.08"]
[Round "4"]
[White "Nieto, Manuel Valerio Wald"]
[Black "Manrique Ochoa, Fernando"]
[Result "1-0"]
[WhiteElo "2057"]
[BlackElo "2000"]
[PlyCount "61"]
[EventDate "2016.05.06"]
[EventType "swiss"]
[EventRounds "7"]
[EventCountry "COL"]
[SourceTitle "EXT 2017"]
[Source "ChessBase"]
[SourceDate "2016.10.25"]
[SourceVersion "1"]
[SourceVersionDate "2016.10.25"]
[SourceQuality "1"]

1. Nf3 Nf6 2. c4 d5 3. d4 dxc4 4. Nc3 c5 5. d5 e6 6. e4 exd5 7. e5 d4 8. exf6 dxc3 9. Qxd8+ Kxd8 10. Bg5 Ke8 11. bxc3 Be6 12. Ne5 Nd7 13. Nxd7 Kxd7 14. 0-0-0+ Ke8 15. Be2 h6 16. Bh4 g5 17. Bg3 Rd8 18. Bf3 Rd3 19. Be4 Rxc3+ 20. Kb2 Rd3 21. Bxd3 cxd3 22. Rxd3 c4 23. Rdd1 Bb4 24. Bc7 Bd7 25. a3 c3+ 26. Kb3 c2 27. Kxc2 Ba4+ 28. Kb2 Bxd1 29. Rxd1 Be7 30. Re1 Kd7 31. fxe7 1-0

[Event "Bogota Samana Santa op 4th"]
[Site "Bogota"]
[Date "2016.05.07"]
[Round "3"]
[White "Manrique Ochoa, Fernando"]
[Black "Lopez Ramirez, Jorge Hernan"]
[Result "1-0"]
[WhiteElo "2000"]
[BlackElo "1995"]
[PlyCount "47"]
[EventDate "2016.05.06"]
[EventType "swiss"]
[EventRounds "7"]
[EventCountry "COL"]
[SourceTitle "EXT 2017"]
[Source "ChessBase"]
[SourceDate "2016.10.25"]
[SourceVersion "1"]
[SourceVersionDate "2016.10.25"]
[SourceQuality "1"]

1. e4 c5 2. Nf3 Nc6 3. d4 cxd4 4. Nxd4 Nf6 5. Nc3 e5 6. Ndb5 d6 7. Nd5 Nxd5 8. exd5 Nb8 9. c4 Be7 10. Bd3 0-0 11. 0-0 f5 12. c5 a6 13. cxd6 Bxd6 14. Bg5 Qd7 15. Nxd6 Qxd6 16. Bc4 b5 17. Be7 Qc7 18. Bb3 Qb7 19. d6+ Rf7 20. Bd5 Nc6 21. Qb3 Nd4 22. Bxb7 Nxb3 23. Bxa8 Nc5 24. Rac1 1-0